Principles of horticulture

Bibliographic Details
Main Author: Adams, C. R. [ (Charles R.)]
Other Authors: Early, M. P. [ (Michael P.)]
Format: Book
Published: Amsterdam : Elsevier Butterworth-Heinemann , 2004.
Edition:4th ed.
Subjects:

MARC

LEADER 00000cam a2200000 7i4500
001 0000003484
005 20060403.0
020 0 0 |a 0750660880 
090 0 0 |a 635   |b ADA 
100 1 0 |a Adams, C. R. [  |q (Charles R.)] 
245 1 0 |a Principles of horticulture   |c C.R. Adams, M.P. Early. 
250 0 0 |a 4th ed. 
260 0 0 |a Amsterdam :   |b Elsevier Butterworth-Heinemann ,   |c 2004. 
300 |a ix, 230 p. :   |b ill. (some col.) ;   |c 24 cm. 
650 0 0 |a Gardening. 
650 0 0 |a Horticulture. 
700 1 1 |a Early, M. P. [  |q (Michael P.)] 
999 |a 0000006771   |b Monograph   |c Open Shelf   |e Default branch